| 000 | 00487nam a2200181Ia 4500 | ||
|---|---|---|---|
| 001 | 4418 | ||
| 005 | 20260306145754.0 | ||
| 008 | 260306t2009||||xx |||||||||||||| ||spa|| | ||
| 041 | _aESP | ||
| 082 |
_a321.8 _bD25 |
||
| 100 |
_aDargent Bocanegra, Eduardo _eAUT |
||
| 245 | 0 |
_aDemócratas precarios: _bélites y debilidad democrática en el Perú y América Latina |
|
| 260 | _c2009 | ||
| 300 |
_a117 páginas : _c20 cm. |
||
| 650 | _aGEN | ||
| 654 | _aCDE | ||
| 942 |
_cLIB _dJUS _fJUS _2ddc _n |
||
| 999 |
_c4418 _d4418 |
||